00469nam a2200121Ia 4500008004100000024005600041082001900097100007300116245007300189260002500262600002700287650003300314250506s9999 xx 000 0 und d a09B-135-EE, 09B-162-EE, 10B-123-EE & 10B-129-EE a670.427072 SHU aShujaat Ali, Mubashir Hussain, Farman Ullah Khan & Niaz Ahmed Shaikh 0aAutomatic Soap Cutting and Sorting Conveyor Belt System by Using PLC aKarachi:bUIT,c2010 aElectronic Engineering aBachelor of Engineering (BE)